Elements of Shipping (Record no. 5525)
[ view plain ]
| 000 -LEADER | |
|---|---|
| fixed length control field | 00231nam a2200097Ia 4500 |
| 008 - FIXED-LENGTH DATA ELEMENTS--GENERAL INFORMATION | |
| fixed length control field | 201210s9999 xx 000 0 und d |
| 100 ## - MAIN ENTRY--PERSONAL NAME | |
| Personal name | Branch, Allan |
| 245 #0 - TITLE STATEMENT | |
| Title | Elements of Shipping |
| 260 ## - PUBLICATION, DISTRIBUTION, ETC. | |
| Place of publication, distribution, etc. | USA |
| Name of publisher, distributor, etc. | Chapman and Hall, |
| 942 ## - ADDED ENTRY ELEMENTS (KOHA) | |
| Koha item type | Books |
| Withdrawn status | Lost status | Damaged status | Not for loan | Permanent Location | Date acquired | Full call number | Barcode | Date last seen | Price effective from | Koha item type |
|---|---|---|---|---|---|---|---|---|---|---|
| IMU Kolkata | 2020-12-10 | 387.5 B816 | PM00443 | 2020-12-10 | 2020-12-10 | Books |